[Event "40th Olympiad Open"]
[Site "Istanbul TUR"]
[Date "2012.09.04"]
[Round "7.46"]
[White "Pesqueira,J"]
[Black "AlHuwar,J"]
[Result "1/2-1/2"]
[WhiteElo "1986"]
[BlackElo "2285"]

1.d4 Nf6 2.c4 g6 3.Nc3 d5 4.cxd5 Nxd5 5.e4 Nxc3 6.bxc3 Bg7 7.Bc4 c5 8.Ne2 Nc6
9.Be3 O-O 10.O-O Na5 11.Bd3 b6 12.Rc1 e6 13.f3 Bb7 14.dxc5 Qc7 15.cxb6 axb6
16.Qa4 Bc6 17.Qb4 Rfb8 18.Rb1 Bf8 19.Qb2 Ba4 20.Kh1 Nc4 21.Bxc4 Qxc4 22.Rfe1 e5
23.Nc1 Bd7 24.Qd2 Be6 25.Rxb6 Rc8 26.h3 Qxc3 27.Qxc3 Rxc3 28.Rb2 Ba3 29.Rbe2 Bc4
30.Rf2 Be7 31.g3 Raa3 32.Nb3 Be6 33.Kg2 Kg7 34.Rfe2 Bxb3 35.axb3 Raxb3 36.Kf2 Rxe3
37.Rxe3 Bc5 38.f4 f6 39.Kf3  1/2-1/2

[Event "40th Olympiad Open"]
[Site "Istanbul TUR"]
[Date "2012.09.04"]
[Round "7.18"]
[White "Nguyen Ngoc Truong Son"]
[Black "Firat,B"]
[Result "1/2-1/2"]
[WhiteElo "2639"]
[BlackElo "2423"]

1.d4 Nf6 2.c4 g6 3.Nc3 d5 4.cxd5 Nxd5 5.e4 Nxc3 6.bxc3 Bg7 7.Be3 c5 8.Rc1 Qa5
9.Qd2 cxd4 10.cxd4 Qxd2+ 11.Bxd2 O-O 12.Nf3 Bg4 13.Be3 Bxf3 14.gxf3 Nc6 15.d5 Nd4
16.Bh3 f5 17.Kf1 Nxf3 18.exf5 Nh4 19.fxg6 Nxg6 20.Be6+ Kh8 21.Rc7 Be5 22.Rxb7 Rab8
23.Rxb8 Rxb8 24.Kg2 Nf4+ 25.Kf3 Nxe6 26.dxe6 Kg7 27.Bxa7 Ra8 28.Bc5 Kf6 29.a3 Bd6
30.Bxd6 exd6 31.Ra1 Ra4 32.e7 Kxe7 33.Re1+ Kd7 34.Re3 d5 35.Kg3 d4 36.Rd3 Ke6
37.f4 Kf5 38.Kf3 Ra6 39.h4 h5 40.Rb3 Ra5 41.a4 Rxa4 42.Rb5+ Kg6 43.Rg5+ Kh6
44.Rd5 Kg6 45.Ke4 Ra1 46.Rd6+ Kf7 47.Ke5 Rh1 48.Rd7+ Ke8 49.Rxd4 Rxh4 50.Kf6 Rg4
51.Ra4 h4 52.Ra8+ Kd7 53.f5 Rg1 54.Rh8 Rh1 55.Kf7 h3 56.f6 h2 57.Rh6 Kd8
58.Rh3 Kd7 59.Rd3+ Kc6 60.Rd2 Kc7 61.Rf2 Kd7 62.Kf8 Kd8 63.f7 Kd7 64.Rg2 Kc7
65.Rc2+ Kd7 66.Re2 Kd8 67.Rc2 Kd7 68.Rf2 Kc7 69.Rd2 Kc6 70.Re2 Kd7 71.Rd2+ Kc6  1/2-1/2

[Event "14th Trieste Open A"]
[Site "Trieste ITA"]
[Date "2012.09.04"]
[Round "5"]
[White "Ceschia,I"]
[Black "Demuth,A"]
[Result "1/2-1/2"]
[WhiteElo "2291"]
[BlackElo "2476"]

1.d4 Nf6 2.c4 g6 3.Nc3 d5 4.cxd5 Nxd5 5.e4 Nxc3 6.bxc3 Bg7 7.Be3 c5 8.Rc1 Qa5
9.Qd2 cxd4 10.cxd4 Qxd2+ 11.Kxd2 O-O 12.Bd3 Rd8 13.Ne2 Nc6 14.Rc4 Be6 15.d5 Ne5
16.Rc7 Bd7 17.Nd4 e6 18.Be2 exd5 19.exd5 Be8 20.Rhc1 Rxd5 21.Rc8 Rd8 22.Rxa8 Rxa8
23.Rc7 Nc6 24.Nb3 Rb8 25.Bf4 Be5 26.Bxe5 Nxe5 27.f4 Nc6 28.Nc5 b6 29.Ne4 Kg7
30.Kc3 Kf8 31.Nf6 Nd8 32.Nxh7+ Kg7 33.Ng5 a5 34.Bc4 b5 35.Bd5 Rb6 36.Kd4 Rf6
37.g3 Nc6+ 38.Bxc6 Bxc6 39.Nxf7 Rxf7 40.Rxc6 Rd7+ 41.Ke3 Rd1 42.h4 a4 43.Rb6 Rb1
44.Kf3 b4 45.Kg4 a3 46.Ra6 Rb2 47.Ra4 Kf6 48.Ra6+ Kg7 49.Ra4 Kf6 50.Ra6+ Kg7  1/2-1/2

[Event "14th Trieste Open A"]
[Site "Trieste ITA"]
[Date "2012.09.05"]
[Round "6"]
[White "Kuljasevic,D"]
[Black "Ceschia,I"]
[Result "1-0"]
[WhiteElo "2555"]
[BlackElo "2291"]

1.d4 Nf6 2.c4 g6 3.Nc3 d5 4.cxd5 Nxd5 5.e4 Nxc3 6.bxc3 Bg7 7.Be3 c5 8.Nf3 O-O
9.Qd2 Nd7 10.Bd3 b6 11.Bh6 cxd4 12.cxd4 e5 13.h4 exd4 14.Bxg7 Kxg7 15.h5 Nc5
16.hxg6 Nxd3+ 17.Ke2 hxg6 18.Qh6+ Kf6 19.Kxd3 Ba6+ 20.Kd2 Ke7 21.Qg5+ Ke8
22.Qe5+ Qe7 23.Rac1 Qxe5 24.Nxe5 Ke7 25.Rh7 Ke6 26.f4 Rac8 27.Rxc8 Bxc8 28.Kd3 g5
29.Rh6+ f6 30.g3 gxf4 31.gxf4 Rd8 32.Nc6 Ba6+ 33.Kd2 Rd7 34.Nb8 Rg7 35.Nxa6 Rg2+
36.Kd3 Rxa2 37.Nc7+ Kd6 38.Ne8+ Kc5 39.Rh5+ Kb4 40.Nxf6  1-0

[Event "40th Olympiad Open"]
[Site "Istanbul TUR"]
[Date "2012.09.06"]
[Round "9.2"]
[White "Li Chao2"]
[Black "Paragua,M"]
[Result "1-0"]
[WhiteElo "2665"]
[BlackElo "2508"]

1.d4 Nf6 2.c4 g6 3.Nc3 d5 4.cxd5 Nxd5 5.e4 Nxc3 6.bxc3 Bg7 7.Be3 O-O 8.Qd2 c5
9.d5 Qa5 10.Rc1 e6 11.d6 Nd7 12.h4 Qa4 13.f3 h5 14.Nh3 b6 15.Be2 Ba6 16.O-O Ne5
17.Bxa6 Qxa6 18.f4 Nc4 19.Qd3 Qxa2 20.e5 Nxe3 21.Qxe3 Qc4 22.Ng5 Rad8 23.Ne4 a5
24.Nd2 Qa4 25.Rb1 Rb8 26.Qd3 Qd7 27.c4 a4 28.Rb5 f6 29.Qxg6 fxe5 30.Ne4 Qf7
31.Qxf7+ Rxf7 32.Nxc5 a3 33.Nxe6 Rxf4 34.Ra1 Rxc4 35.Rxa3 Bf6 36.Rf3 Kf7
37.Rxe5 Kg6 38.Rd5 Bxh4 39.d7 Rc1+ 40.Kh2 Bd8 41.Rf8 Bc7+ 42.Nxc7 Rxf8 43.Ne8  1-0

[Event "40th Olympiad Open"]
[Site "Istanbul TUR"]
[Date "2012.09.06"]
[Round "9.67"]
[White "Bravo,Will"]
[Black "Gauci,J"]
[Result "1/2-1/2"]
[WhiteElo "2291"]
[BlackElo "2133"]

1.d4 Nf6 2.c4 g6 3.Nc3 d5 4.cxd5 Nxd5 5.e4 Nxc3 6.bxc3 Bg7 7.Nf3 c5 8.Rb1 O-O
9.Be2 Nc6 10.d5 Ne5 11.Nxe5 Bxe5 12.Qd2 e6 13.f4 Bc7 14.O-O exd5 15.exd5 Ba5
16.f5 Bxf5 17.Rxb7 Qd6 18.Qh6 Qe5 19.Bb2 Bxc3 20.Bxc3 Qxc3 21.Rb3 Qg7 22.Qxg7+ Kxg7
23.Rc3 Rab8 24.Rxc5 Rb2 25.Bc4 Be4 26.Rf2 Rb1+ 27.Rf1 Rb2 28.Rf2 Rb1+ 29.Rf1 Rb2
30.Rf2 Rb1+ 31.Rf1 Rb2  1/2-1/2

[Event "40th Olympiad Open"]
[Site "Istanbul TUR"]
[Date "2012.09.06"]
[Round "9.68"]
[White "Croes,O"]
[Black "Lee Sanghoon"]
[Result "0-1"]
[WhiteElo "1915"]
[BlackElo "2126"]

1.d4 Nf6 2.c4 g6 3.Nc3 d5 4.cxd5 Nxd5 5.e4 Nxc3 6.bxc3 Bg7 7.Bc4 O-O 8.Ne2 c5
9.Be3 Nc6 10.O-O Bg4 11.f3 Bd7 12.Rc1 Rc8 13.Qd2 Qa5 14.Rfd1 Rfd8 15.Bh6 b5
16.Bxg7 Kxg7 17.Bd3 Be8 18.Qb2 c4 19.Bb1 Qb6 20.Nf4 a5 21.Nd5 Qa7 22.Kf1 e6
23.Ne3 Ne7 24.Qd2 h5 25.g4 hxg4 26.Nxg4 Ng8 27.e5 Qe7 28.Qf4 Qh4 29.a3 Qe7
30.Rd2 b4 31.axb4 axb4 32.h4 bxc3 33.Rh2 Bc6 34.Kf2 Rb8 35.Ne3 Rb2+ 36.Nc2 Nh6
37.Qe3 Nf5 38.Qxc3 Qb7 39.Rhh1 Rxd4 40.Kg1 Rd3 41.Qxc4 Qb6+ 42.Nd4 Rxd4 43.Qxc6 Rd1+  0-1

[Event "40th Olympiad Open"]
[Site "Istanbul TUR"]
[Date "2012.09.06"]
[Round "9.72"]
[White "Ozenir,Ekin Baris"]
[Black "Jouault,L"]
[Result "1-0"]
[WhiteElo "1542"]
[BlackElo "1966"]

1.d4 Nf6 2.c4 g6 3.Nc3 d5 4.cxd5 Nxd5 5.e4 Nxc3 6.bxc3 Bg7 7.Be3 c5 8.Bc4 Qa5
9.Qd2 Nc6 10.Ne2 cxd4 11.cxd4 Qxd2+ 12.Kxd2 O-O 13.Rhd1 Rd8 14.Ke1 Na5 15.Bb3 Nxb3
16.axb3 Bd7 17.Rac1 Rdc8 18.Rc5 b6 19.Rcc1 e6 20.f4 f5 21.e5 Bf8 22.Kf2 Ba3
23.Rxc8+ Bxc8 24.Ra1 Bb4 25.d5 exd5 26.Bxb6 a5 27.Rd1 Bb7 28.Ra1 Rc8 29.Ra2 Rc6
30.Be3 Kf7 31.Nd4 Rc8 32.Nb5 Ke7 33.Bb6 Ba6 34.Nd4 Bd3 35.Bxa5 Bc5 36.Ke3 Be4
37.Be1 Kd7 38.Ra6 g5 39.g3 Rb8 40.b4 gxf4+ 41.gxf4 Bb6 42.Bc3 h5 43.e6+ Ke8
44.Kd2 Bxd4 45.Bxd4 Rxb4 46.Ra8+  1-0

[Event "40th Olympiad Open"]
[Site "Istanbul TUR"]
[Date "2012.09.06"]
[Round "9.41"]
[White "Garcia,Douglas"]
[Black "Andreasen,Jo"]
[Result "1-0"]
[WhiteElo "2180"]
[BlackElo "2260"]

1.d4 Nf6 2.c4 g6 3.Nc3 d5 4.cxd5 Nxd5 5.e4 Nxc3 6.bxc3 Bg7 7.Be3 c5 8.Qd2 cxd4
9.cxd4 O-O 10.Nf3 b6 11.Bh6 Bg4 12.Bxg7 Kxg7 13.Ne5 Be6 14.d5 f6 15.Nf3 Bf7
16.Bc4 Nd7 17.O-O Rc8 18.Rac1 Rc5 19.Nd4 Qc7 20.Bb3 Rc8 21.Rce1 Ne5 22.f4 Nc4
23.Qf2 Na5 24.Bd1 Rc4 25.Bg4 Rd8 26.Be2 Rc5 27.Kh1 Nc4 28.Bg4 f5 29.exf5 Rcxd5
30.fxg6 hxg6 31.Ne6+ Bxe6 32.Rxe6 Rf8 33.Qc2 Rf6 34.Qe4 Re5 35.Rxe5 Nxe5
36.Be2 Nf7 37.h3 Qc6 38.Qd4 Nd6 39.Bd3 Qc5 40.Qxc5 bxc5 41.Rc1 Rxf4 42.Rxc5 Rd4
43.Rc3 Kf6 44.Ra3 a5 45.Kg1 e5 46.Kf2 e4 47.Be2 Rd5 48.g4 g5 49.Rc3 Rd2 50.Ra3 Rd5
51.Ke3 Rc5 52.Kd4 Rc2 53.Ba6 Rd2+ 54.Ke3 Rd5 55.Rc3 Ke7 56.Rc1 Kd7 57.Rc2 Kd8
58.Bf1 Rd1 59.Rd2 Rxf1 60.Rxd6+ Kc7 61.Ra6 Rf3+ 62.Kxe4 Ra3 63.Kf5 Kb7 64.Rh6 Rxa2
65.Kxg5 Rh2 66.h4 Rc2 67.h5 a4 68.Rf6 Rc5+ 69.Kh4 a3 70.Rf1 a2 71.Ra1 Ra5
72.h6 Kc6 73.h7 Ra8 74.g5  1-0

[Event "14th Trieste Open A"]
[Site "Trieste ITA"]
[Date "2012.09.06"]
[Round "7"]
[White "Kuljasevic,D"]
[Black "Ashiku,F"]
[Result "1-0"]
[WhiteElo "2555"]
[BlackElo "2159"]

1.d4 Nf6 2.c4 g6 3.Nc3 d5 4.cxd5 Nxd5 5.e4 Nxc3 6.bxc3 Bg7 7.Nf3 c5 8.Be3 Bg4
9.Rc1 Bxf3 10.gxf3 O-O 11.d5 Qa5 12.Qd2 Nd7 13.c4 Qxd2+ 14.Kxd2 f5 15.exf5 gxf5
16.f4 Nf6 17.Bd3 Ne4+ 18.Bxe4 fxe4 19.Bxc5 Rxf4 20.Ke2 Kf7 21.Be3 Rf5 22.Rhg1 h5
23.a4 b6 24.Rb1 Rc8 25.Rgc1 e6 26.d6 Bf8 27.c5 bxc5 28.Rb7+ Kf6 29.d7 Rd8
30.Rxa7 Rd5 31.Rd1 h4 32.a5 h3 33.Bf4 Be7 34.a6 Rxd1 35.Kxd1 e5 36.Bg3 Ke6
37.Rb7 Kd6 38.Kc2 Kc6 39.Bxe5 Bh4 40.Kd2 c4 41.Ke3 c3 42.Bxc3 Ra8 43.Rb4 Rxa6
44.Rxe4 Bd8 45.Re6+  1-0

[Event "14th Trieste Open A"]
[Site "Trieste ITA"]
[Date "2012.09.06"]
[Round "7"]
[White "Bosiocic,Mari"]
[Black "Vorobiov,E"]
[Result "1-0"]
[WhiteElo "2577"]
[BlackElo "2594"]

1.d4 Nf6 2.c4 g6 3.Nc3 d5 4.cxd5 Nxd5 5.e4 Nxc3 6.bxc3 Bg7 7.Nf3 c5 8.Be3 O-O
9.Qd2 Nd7 10.Bd3 Qa5 11.Rc1 Nb6 12.Bh6 Bd7 13.d5 Bb5 14.Bxg7 Kxg7 15.c4 Qxd2+
16.Kxd2 Ba6 17.h4 h6 18.Rh3 Rad8 19.Rg3 e6 20.Ne5 Nd7 21.Nxd7 Rxd7 22.a4 e5
23.h5 Rd6 24.a5 Rf6 25.Ke3 g5 26.Ra1 Rf4 27.Rh3 f5 28.g3 Rg4 29.Rc1 b6 30.axb6 axb6
31.exf5 Rd4 32.f3 g4 33.fxg4 Rxg4 34.Be2 Rd4 35.g4 Kf6 36.Kf2 Kg5 37.Ra3 Bc8
38.Ke3 b5 39.Ra7 bxc4 40.Rg7+ Kf6 41.Rg6+ Ke7 42.Rxh6  1-0

[Event "6th Hum na Sutli Open"]
[Site "Hum na Sutli CRO"]
[Date "2012.09.07"]
[Round "1.2"]
[White "Zaja,I"]
[Black "Cvitkovic,Filip"]
[Result "1-0"]
[WhiteElo "2505"]
[BlackElo "1894"]

1.d4 Nf6 2.c4 g6 3.Nc3 d5 4.cxd5 Nxd5 5.e4 Nxc3 6.bxc3 Bg7 7.Be3 c5 8.Qd2 Qa5
9.Rc1 O-O 10.d5 Rd8 11.h4 h5 12.Nf3 Nc6 13.Be2 Bg4 14.Bg5 Rd7 15.Ng1 Bxe2
16.Nxe2 Ne5 17.Bf4 Nc4 18.Qd3 b5 19.g4 hxg4 20.h5 g5 21.Bxg5 Be5 22.f4 Bd4
23.Nxd4 cxd4 24.Rg1 Qxa2 25.Qxd4 Qb2 26.Rd1 Qh2 27.Bxe7 g3 28.Rd3 g2 29.Kf2 Qxf4+
30.Rf3 Qd2+ 31.Qxd2 Nxd2 32.Rxg2+ Kh8 33.Rxf7 Nxe4+ 34.Kf3 Rxe7 35.Rxe7 Nxc3
36.d6 Rf8+ 37.Kg3 Nd5 38.Rd2 Nf6 39.d7 Rd8 40.Rd6 Nxh5+ 41.Kh4 Ng7 42.Rh6+ Kg8
43.Rg6 b4 44.Rgxg7+  1-0

[Event "40th Olympiad Open"]
[Site "Istanbul TUR"]
[Date "2012.09.07"]
[Round "10.57"]
[White "Pitterson,J"]
[Black "Kobler,M"]
[Result "1-0"]
[WhiteElo "2221"]
[BlackElo "2099"]

1.d4 Nf6 2.c4 g6 3.Nc3 d5 4.cxd5 Nxd5 5.e4 Nxc3 6.bxc3 Bg7 7.Bg5 c5 8.Rc1 cxd4
9.cxd4 O-O 10.Nf3 Bg4 11.d5 h6 12.Be3 e6 13.Bc4 exd5 14.Bxd5 Nc6 15.h3 Bxf3
16.Qxf3 Qa5+ 17.Bd2 Qa6 18.Qe2 Qxe2+ 19.Kxe2 Rac8 20.Be3 Rfe8 21.Rhd1 Re7
22.Rc4 Rce8 23.Rdc1 Kh7 24.g4 a5 25.Rc5 f5 26.Bxc6 bxc6 27.gxf5 gxf5 28.Rxf5 Rxe4
29.Rxc6 Ra4 30.Rc2 Rb8 31.Rf7 Kg6 32.Rd7 h5 33.Rc6+ Bf6 34.Rdd6 Rxa2+ 35.Kf1 Rf8
36.Bd4 Kf5 37.Rxf6+ Rxf6 38.Rxf6+ Ke4 39.Be3 a4 40.Kg2 a3 41.Rh6 Rc2 42.Rxh5 a2
43.Ra5 Kd3 44.h4 Kc4 45.h5 Kb4 46.Ra7 Kb3 47.h6 Rc7 48.Ra5 Rd7 49.Kg3 Rd5
50.Ra6 Rd6 51.Rxa2  1-0

[Event "5th Sabadell Open A"]
[Site "Sabadell ESP"]
[Date "2012.09.07"]
[Round "9.1"]
[White "Lorenzo de la Riva,L"]
[Black "Cordova,E"]
[Result "1/2-1/2"]
[WhiteElo "2444"]
[BlackElo "2572"]

1.d4 Nf6 2.c4 g6 3.Nc3 d5 4.cxd5 Nxd5 5.e4 Nxc3 6.bxc3 Bg7 7.Bc4 c5 8.Ne2 O-O
9.O-O Nc6 10.Be3 Bg4 11.f3 Na5 12.Bd3 cxd4 13.cxd4 Be6 14.d5 Bxa1 15.Qxa1 f6
16.Bh6 Re8 17.Kh1 Rc8 18.Nf4 Bd7 19.e5 Nc4 20.e6 Ba4 21.Nxg6 hxg6 22.Bxg6 Ne5
23.Be4 Bc2 24.Bxc2 Rxc2 25.Qd1 Qc7 26.f4 Rc1 27.Qxc1 Qxc1 28.Rxc1 Ng4 29.Rc7 Nxh6
30.h3 b5 31.g4 Kf8 32.Rxa7 Rd8 33.Rd7 Ra8 34.d6 Ng8 35.f5 exd6 36.Rf7+ Ke8
37.Rg7 Kf8 38.Rf7+ Ke8  1/2-1/2

[Event "40th Olympiad Open"]
[Site "Istanbul TUR"]
[Date "2012.09.09"]
[Round "11.47"]
[White "Croad,N"]
[Black "Makoto,R"]
[Result "1/2-1/2"]
[WhiteElo "2255"]
[BlackElo "2254"]

1.d4 Nf6 2.c4 g6 3.Nc3 d5 4.cxd5 Nxd5 5.e4 Nxc3 6.bxc3 Bg7 7.Be3 c5 8.Qd2 Qa5
9.Rc1 O-O 10.Nf3 Nc6 11.d5 Rd8 12.Bd3 Bg4 13.Be2 e6 14.O-O exd5 15.exd5 c4
16.d6 Be6 17.Rfd1 Ne5 18.Bf4 Rac8 19.Nxe5 Bxe5 20.Bxe5 Qxe5 21.Bf3 b6 22.Qd4 Rc5
23.g3 Bf5 24.Bd5 Qxd4 25.Rxd4 b5 26.a4 a6 27.axb5 axb5 28.Ra1 Kf8 29.Ra6 Kg7
30.Rc6 Rc8 31.Rb6 Bd7 32.f4 Rd8 33.Kf2 Kf6 34.Ke3 Re8+ 35.Kd2 Rcc8 36.Rb7 Red8
37.Kc1 Rb8 38.Rc7 Rb6 39.Bf3 Ke6 40.Rc5 Kf6 41.Kb2 Be8 42.Re5 Ra6 43.g4 Bd7
44.g5+ Kg7 45.Re1 Bf5 46.Re5 Raxd6 47.Red5 Rxd5 48.Rxd5 Rb8 49.Ka3 Be6 50.Rd6 h6
51.h4 hxg5 52.hxg5 Rh8 53.Kb4 Rh3 54.Bc6 Rh4 55.Rd4 f6 56.gxf6+ Kxf6 57.Bxb5 Kf5
58.Be8 Rh3 59.Ba4 Rf3 60.Bc2+ Kf6 61.Ba4 Rd3 62.Bb5 Rxd4 63.cxd4 c3 64.Bd3 g5
65.fxg5+ Kxg5 66.Kxc3 Kf6 67.Kb4 Ke7 68.Kc5 Kd8 69.Kd6 Bf7 70.Bf5 Bb3 71.Be6 Bd1
72.d5  1/2-1/2

[Event "40th Olympiad Women"]
[Site "Istanbul TUR"]
[Date "2012.09.09"]
[Round "11.2"]
[White "Zhao Xue"]
[Black "Videnova,I"]
[Result "1-0"]
[WhiteElo "2549"]
[BlackElo "2317"]

1.d4 Nf6 2.c4 g6 3.Nc3 d5 4.cxd5 Nxd5 5.e4 Nxc3 6.bxc3 Bg7 7.Bc4 c5 8.Ne2 O-O
9.O-O Nc6 10.Be3 Na5 11.Bd3 b6 12.f4 cxd4 13.cxd4 e6 14.Rc1 Bb7 15.f5 exf5
16.exf5 g5 17.f6 Bxf6 18.Ng3 Re8 19.Nf5 Rxe3 20.Nxe3 Qxd4 21.Qe2 Re8 22.Rce1 Rxe3
23.Qxe3 Qxe3+ 24.Rxe3 Bd4 25.Kf2 Bd5 26.a3 h6 27.g3 Nc4 28.Bxc4 Bxc4 29.Rd1 Bxe3+
30.Kxe3 Kg7 31.Rc1 Bd5 32.Kd4 Bg2 33.Rc2 Bf3 34.Rf2 Bc6 35.Ke5 Ba4 36.Kd6 a5
37.Kc7 Bb3 38.Kxb6 a4 39.Kc5 Kg6 40.Kd6 Bc4 41.Ke5 Bb3 42.Rf6+ Kg7 43.Ra6 Bc2
44.Kd4 Bd1 45.Kc3 h5 46.Kd4 f6 47.Kd5 Kf7 48.Ra7+ Kg6 49.Ke6 h4 50.gxh4 gxh4
51.Ra5 Bb3+ 52.Kd6 Bd1 53.Rd5 Bb3 54.Rc5 Ba2 55.Rc2 Bb3 56.Rf2 Kg5 57.h3 Bd1
58.Ke7 f5 59.Ke6 f4 60.Rg2+ Kh6 61.Ke5 f3 62.Rg4 Be2 63.Kf6 Kh7 64.Rxh4+ Kg8
65.Rf4 Kh7 66.Kg5 Kg7 67.Kh4 Kg6 68.Kg3 Bd1 69.Rd4 Bb3 70.Kxf3 Kh5 71.Ke4  1-0

[Event "3rd Livigno Open A"]
[Site "Livigno ITA"]
[Date "2012.09.12"]
[Round "3.10"]
[White "Naumkin,I"]
[Black "Kilpatrick,C"]
[Result "1-0"]
[WhiteElo "2473"]
[BlackElo "2330"]

1.d4 Nf6 2.c4 g6 3.Nc3 d5 4.cxd5 Nxd5 5.e4 Nxc3 6.bxc3 Bg7 7.Bc4 c5 8.Ne2 Nc6
9.Be3 O-O 10.O-O Qc7 11.Rc1 b6 12.h3 Bb7 13.f4 e6 14.Qe1 Na5 15.Bd3 f5 16.Ng3 Rad8
17.Kh2 Qd7 18.Rd1 cxd4 19.cxd4 Qa4 20.Qe2 Kh8 21.d5 e5 22.exf5 Rxd5 23.fxg6 exf4
24.Nh5 Rg5 25.Rf2 Be5 26.Kg1 hxg6 27.Nxf4 Bxf4 28.Bxf4 Rxf4 29.Bc2 Qc4 30.Qe7 Rxg2+
31.Rxg2 Qc5+ 32.Qxc5 bxc5 33.Rxg6 Rf8 34.Rh6+ Kg8 35.Rd7  1-0

[Event "3rd Livigno Open A"]
[Site "Livigno ITA"]
[Date "2012.09.12"]
[Round "4.19"]
[White "Wenninger,P"]
[Black "Tesic,D"]
[Result "0-1"]
[WhiteElo "2207"]
[BlackElo "2348"]

1.d4 Nf6 2.c4 g6 3.Nc3 d5 4.cxd5 Nxd5 5.e4 Nxc3 6.bxc3 Bg7 7.Bc4 c5 8.Ne2 Nc6
9.Be3 O-O 10.O-O Bd7 11.Qd2 Qa5 12.Rfd1 cxd4 13.cxd4 Qxd2 14.Rxd2 Na5 15.Bd3 Rfc8
16.Rb1 e6 17.f3 a6 18.Rb6 Bb5 19.Kf2 Bxd3 20.Rxd3 Rc7 21.Bf4 Rd7 22.Rbb3 Nxb3
23.axb3 e5 24.Be3 exd4 25.Bxd4 Bxd4+ 26.Rxd4 Rxd4 27.Nxd4 a5 28.Ke3 a4 29.bxa4 Rxa4
30.h4 Ra3+ 31.Kf4 f6 32.g4 Rd3 33.Nb5 Rb3 34.Nd4 Rb1 35.h5 b5 36.hxg6 hxg6
37.Ke3 b4 38.Kd3 Rc1 39.f4 Rc3+ 40.Kd2 Rg3 41.g5 fxg5 42.fxg5 Rxg5 43.Kd3 Rg3+
44.Kc4 Re3 45.Kxb4 Rxe4 46.Kc3 Kg7 47.Kd3 Re8 48.Nc2 Kf6 49.Ne3 Kg5 50.Kd4  0-1

[Event "3rd Livigno Open A"]
[Site "Livigno ITA"]
[Date "2012.09.16"]
[Round "8.12"]
[White "Timoshenko,G"]
[Black "Bove,A"]
[Result "1-0"]
[WhiteElo "2518"]
[BlackElo "2367"]

1.d4 Nf6 2.c4 g6 3.Nc3 d5 4.cxd5 Nxd5 5.e4 Nxc3 6.bxc3 Bg7 7.Bg5 c5 8.Rc1 O-O
9.Nf3 Bg4 10.d5 Qd6 11.Qb3 Bxf3 12.gxf3 Nd7 13.Qxb7 Rab8 14.Qa6 Qe5 15.Be3 Nf6
16.Qa3 Rfd8 17.Be2 Nh5 18.Bxc5 Qg5 19.h4 Qg2 20.Kd2 Bh6+ 21.Be3 Nf4 22.c4 Qxf2
23.Bxf2 Nxd5+ 24.Ke1 Bxc1 25.Qxc1 Nc3 26.Bc5  1-0

[Event "US Chess League 2012"]
[Site "ICC INT"]
[Date "2012.09.17"]
[Round "3"]
[White "Casella,M"]
[Black "Swaminathan,R"]
[Result "1/2-1/2"]
[WhiteElo "2235"]
[BlackElo "2086"]

1.d4 Nf6 2.c4 g6 3.Nc3 d5 4.cxd5 Nxd5 5.e4 Nxc3 6.bxc3 Bg7 7.Bc4 c5 8.Ne2 O-O
9.O-O Nc6 10.Be3 Bg4 11.f3 Na5 12.Bd3 cxd4 13.cxd4 Be6 14.Rc1 Bxa2 15.Qa4 Be6
16.d5 Bd7 17.Qb4 b6 18.Ba6 Re8 19.Rfd1 Bc8 20.Bb5 Bd7 21.Nd4 Bxd4 22.Bxd4 Bxb5
23.Qxb5 e5 24.dxe6 Rxe6 25.Ba1 Qe8 26.Qb2 f6 27.Rc7 Rc8 28.Rxa7 Qc6 29.Qa2 Qc5+
30.Qf2 Qxf2+ 31.Kxf2 Nc6 32.Rad7 Rce8 33.Rb7 Na5 34.Rc7 Nb3 35.Bc3 Nc5 36.Ra1 R8e7
37.Rxe7 Rxe7 38.Bxf6 Rb7 39.Ke3 b5 40.g4 h6 41.Bd4 Ne6 42.Ra8+ Kf7 43.Rh8 Rd7
44.Bb2 Nf8 45.Ba3 Ne6 46.Rh7+ Ke8 47.Rxh6 Rg7 48.Bb2 Rg8 49.Rh8 Rxh8 50.Bxh8 g5
51.Kd3 Kf7 52.Kc3 Nf4 53.Bd4 Ne2+ 54.Kd3 Nf4+ 55.Kc2 Ng6 56.Kd3 Ke6 57.Be3 Kf6
58.Bd2 Ne5+ 59.Ke2 Ng6 60.Bc3+ Ke6 61.Ke3 Nf4 62.Kd2 Ng6 63.Ba5 Ne5 64.Ke2 Ng6
65.Bd2 Kf6 66.Kf2 Nf8 67.Kg3 Ng6 68.Kf2 Nf8 69.Ke2 Ng6 70.Kf2 Nf8  1/2-1/2

[Event "TCh-SRB Prem 2012"]
[Site "Valjevo SRB"]
[Date "2012.09.17"]
[Round "1.1"]
[White "Spiric,I"]
[Black "Vujacic,Bo"]
[Result "1-0"]
[WhiteElo "2268"]
[BlackElo "2299"]

1.d4 Nf6 2.c4 g6 3.Nc3 d5 4.cxd5 Nxd5 5.e4 Nxc3 6.bxc3 Bg7 7.Bb5+ c6 8.Ba4 O-O
9.Ne2 Nd7 10.Bb3 b6 11.e5 e6 12.h4 c5 13.h5 Re8 14.hxg6 hxg6 15.Qd3 Nf8 16.Bh6 cxd4
17.Bxg7 Kxg7 18.Qh3 f5 19.Qh8+ Kf7 20.Rh7+ Nxh7 21.Qxh7+ Kf8 22.Nf4  1-0

[Event "zt 3.5 China Men 2012"]
[Site "Beijing CHN"]
[Date "2012.09.19"]
[Round "10.2"]
[White "Xu,Yinglun"]
[Black "Lou Yiping"]
[Result "1/2-1/2"]
[WhiteElo "2281"]
[BlackElo "2412"]

1.d4 Nf6 2.c4 g6 3.Nc3 d5 4.cxd5 Nxd5 5.e4 Nxc3 6.bxc3 Bg7 7.Nf3 c5 8.Be3 Bg4
9.Rc1 O-O 10.Be2 Qa5 11.Qd2 e6 12.d5 exd5 13.exd5 c4 14.O-O Nd7 15.d6 Rad8
16.Bg5 Nf6 17.Qf4 Qf5 18.Bxc4 Qxf4 19.Bxf4 Ne4 20.Rfe1 Nxd6 21.Bd5 Rfe8 22.Rxe8+ Nxe8
23.Bxb7 Bxc3 24.h3 Bxf3 25.Bxf3 Bd4  1/2-1/2

[Event "zt 3.5 China Men 2012"]
[Site "Beijing CHN"]
[Date "2012.09.19"]
[Round "10.19"]
[White "Yan,Xuesong"]
[Black "Li,Di"]
[Result "1/2-1/2"]
[WhiteElo "1808"]
[BlackElo "2094"]

1.d4 Nf6 2.c4 g6 3.Nc3 d5 4.cxd5 Nxd5 5.e4 Nxc3 6.bxc3 Bg7 7.Bc4 O-O 8.Ne2 c5
9.O-O Nc6 10.Be3 Qc7 11.Rb1 Rd8 12.Qa4 Bd7 13.Qa3 e6 14.Rfc1 Na5 15.Bd3 c4
16.Bc2 b6 17.Rd1 Bc6 18.Qc1 Qd7 19.Bg5 Re8 20.Bh6 Ba4 21.Bxg7 Kxg7 22.Rb2 Bxc2
23.Rxc2 Rad8 24.Qe3 e5 25.Rcd2 Qa4 26.h3 Nb7 27.Ng3 h6 28.h4 b5 29.d5 Qa3
30.h5 Qc5 31.Qxc5 Nxc5 32.hxg6 fxg6 33.f3 Rd6 34.Rb1 Rb8 35.Ne2 Kf7 36.Kf2 Ke7
37.Ke3 a6 38.f4 Nd7 39.a4 Rdb6 40.axb5 axb5 41.Rdb2 Kd6 42.fxe5+ Nxe5 43.Nd4 Kc5
44.Ne6+ Kd6 45.Kd4 h5 46.Ra2 R8b7 47.Ng5 Nd7 48.Nf3 b4 49.e5+ Ke7 50.Rxb4 Rxb4
51.cxb4 Rxb4 52.Rc2 c3+ 53.Kxc3 Re4 54.Kd3 Rg4 55.Re2 h4 56.Nd4 Rg3+ 57.Kc4 Nb6+
58.Kc5 Nd7+ 59.Kb5 Nxe5 60.Rxe5+ Kd6 61.Nc6 Rxg2 62.Kc4 Rg4+ 63.Kd3 h3 64.Re1 Kxd5
65.Ne7+ Kd6 66.Ng8 Rh4 67.Nf6 h2 68.Ne4+ Ke5 69.Nf2+ Kf4 70.Re4+ Kg5 71.Re5+ Kf6
72.Re1 g5 73.Rh1 Kf5 74.Ke2 Kf4 75.Ra1 Kg3 76.Ra5 g4 77.Ra3+ Kg2 78.Nh1 Kg1
79.Rg3+ Kxh1 80.Kf2 Rh8 81.Rxg4 Rf8+ 82.Ke2 Ra8 83.Kf2 Ra2+ 84.Kf1 Ra1+ 85.Kf2 Rg1
86.Rf4 Rg2+ 87.Kf1  1/2-1/2

[Event "Baku Open 2012"]
[Site "Baku AZE"]
[Date "2012.09.22"]
[Round "1.6"]
[White "Khenkin,I"]
[Black "Sevdimaliev,U"]
[Result "1/2-1/2"]
[WhiteElo "2648"]
[BlackElo "2325"]

1.d4 Nf6 2.c4 g6 3.Nc3 d5 4.cxd5 Nxd5 5.e4 Nxc3 6.bxc3 Bg7 7.Be3 c5 8.Nf3 Qa5
9.Qd2 O-O 10.Rc1 Rd8 11.d5 e6 12.Bg5 Rd6 13.Bf4 Rd8 14.Bg5 Rd6 15.Bf4 Rd8
16.Be2 exd5 17.exd5 b5 18.c4 Qxd2+ 19.Nxd2 Bb7 20.cxb5 Bxd5 21.O-O Bxa2 22.Nc4 Nd7
23.Bf3 a6 24.Bxa8 Bxc4 25.Rxc4  1/2-1/2

[Event "TCh-VIE 2012"]
[Site "Ho Chi Minh City VIE"]
[Date "2012.09.22"]
[Round "3.17"]
[White "Tran Ngoc Thach"]
[Black "Nguyen,Anh Khoi"]
[Result "1-0"]
[WhiteElo "2195"]
[BlackElo "1921"]

1.d4 Nf6 2.c4 g6 3.Nc3 d5 4.cxd5 Nxd5 5.e4 Nxc3 6.bxc3 Bg7 7.Be3 c5 8.Qd2 O-O
9.Rc1 Qa5 10.d5 f5 11.exf5 Bxf5 12.Ne2 Nd7 13.Ng3 Nf6 14.c4 Qxd2+ 15.Kxd2 b6
16.Nxf5 gxf5 17.f3 f4 18.Bf2 Nd7 19.Bd3 Ne5 20.Be4 Rad8 21.Ke2 Rd6 22.Rc2 Rh6
23.a4 Nd7 24.Ra2 Nf6 25.Bd3 e6 26.dxe6 Ne8 27.Kd2 Rxe6 28.Re1 Rxe1 29.Kxe1 Nd6
30.a5 Bc3+ 31.Kf1 Bxa5 32.Bxc5 Rd8 33.Bf2 Ne8 34.Ke2 Nf6 35.c5 Re8+ 36.Kf1 Rc8
37.Ra4 Bc3 38.cxb6 axb6 39.Bxb6 Be5 40.Bd4 Bxd4 41.Rxd4 Nh5 42.Ke2 Rb8 43.Kd2 Rb7
44.Rd5 Ng7 45.Rd8+ Kf7 46.Bxh7 Ne6 47.Rd5 Rb2+ 48.Bc2 Rb8 49.Ke2 Rb2 50.Rd2 Kf6
51.Be4 Rb6 52.g3 fxg3 53.hxg3 Ng5 54.Bd5 Kf5 55.Ke3 Kf6 56.f4 Nh7 57.g4 Ra6
58.Be4 Re6 59.Rd7 Nf8 60.g5+  1-0

[Event "DYTM KL Open 2012"]
[Site "Kuala Lumpur MAS"]
[Date "2012.09.22"]
[Round "7.3"]
[White "Nguyen Anh Dung"]
[Black "Deepan,C"]
[Result "1/2-1/2"]
[WhiteElo "2455"]
[BlackElo "2521"]

1.d4 Nf6 2.c4 g6 3.Nc3 d5 4.cxd5 Nxd5 5.e4 Nxc3 6.bxc3 Bg7 7.Bc4 c5 8.Ne2 O-O
9.O-O Nc6 10.Be3 Qc7 11.Rc1 e6 12.Qd2 b6 13.Bf4 Qe7 14.Bg5 f6 15.Be3 Na5
16.Bd3 Bb7 17.Rfd1 Rfd8 18.Qe1 Rac8 19.f3 cxd4 20.cxd4 Rxc1 21.Rxc1 Rc8 22.Rxc8+ Bxc8
23.Qc3 Bb7 24.Nf4 Qd7 25.h4 Qc8 26.Qb4 Bf8 27.Qb5 Bc6 28.Qb2 Bd7 29.Qc1 Qxc1+
30.Bxc1 Kf7 31.Kf2 Nc6  1/2-1/2

[Event "Vladivostok Russian Cup 2012"]
[Site "Vladivostok RUS"]
[Date "2012.09.22"]
[Round "6.7"]
[White "Diu,V"]
[Black "Kurnosov,I"]
[Result "1-0"]
[WhiteElo "2486"]
[BlackElo "2660"]

1.d4 Nf6 2.c4 g6 3.Nc3 d5 4.cxd5 Nxd5 5.e4 Nxc3 6.bxc3 Bg7 7.Bc4 c5 8.Ne2 Nc6
9.Be3 O-O 10.O-O Bg4 11.f3 Bd7 12.Rb1 Qc7 13.Bf4 Qc8 14.Rc1 Rd8 15.Qd2 Be8
16.Bh6 Bh8 17.Kh1 Qc7 18.Qg5 cxd4 19.cxd4 Bf6 20.Qe3 e6 21.Rfd1 Rac8 22.e5 Be7
23.Ng3 Qb6 24.Rb1 Rxd4 25.Rdc1 Nb4 26.Bf1 Rxc1 27.Qxc1 Qc6 28.Qb2 Rd8 29.Ne4 b6
30.Nd6 a5 31.Bb5 Qc2 32.Qxc2 Nxc2 33.Bxe8 Bxd6 34.exd6 Rxd6 35.Kg1 Nd4 36.Be3 Kf8
37.Bxd4 Rxd4 38.Bb5 a4 39.Rb2 Ke7 40.Kf2 a3 41.Rc2 Rb4 42.Bc4 Rb1 43.Ke3 Kd6
44.Bb3 g5 45.Kd4 b5 46.Re2 h6 47.Kc3 Kc5 48.Re5+ Kd6 49.Re2 Kc5 50.Re5+ Kd6
51.Rxb5 Rb2 52.Rb7 Rxg2 53.Rxf7 Rxh2 54.Rf6 Ke5 55.Rxe6+ Kf4 56.Rf6+ Ke3
57.Kb4 h5 58.Kxa3 h4 59.Kb4 h3 60.a4 Rd2 61.Rh6 h2 62.Kc5 Kxf3 63.a5 g4 64.a6 g3
65.a7 Rd8 66.a8=Q+ Rxa8 67.Bd5+ Kf2 68.Bxa8 Kg1 69.Rg6  1-0